|
|
|
|
| LEADER |
00852nam a22002297a 4500 |
| 001 |
12954 |
| 003 |
BD-DhAAL |
| 005 |
20160629115349.0 |
| 008 |
160629s2004 bg ||||| |||| 00| 0 eng d |
| 020 |
|
|
|a 9843208587
|
| 040 |
|
|
|a BD-DhAAL
|c BD-DhAAL
|
| 082 |
|
|
|2 22
|a 954.92
|
| 100 |
|
|
|a Quadir, Muhammad Nurul
|9 19757
|
| 245 |
|
|
|a Independence of Bangladesh in 266 days :
|b history and documentary evidence /
|c Muhammad Nurul Quadir
|
| 260 |
|
|
|a Dhaka :
|b Mukto Publishers,
|c 2004
|
| 300 |
|
|
|a 744 pages :
|b illustrations ;
|c 29 cm.
|
| 541 |
|
|
|e 12954
|
| 650 |
|
|
|a Bangladesh
|x History
|x Revolution
|y 1971
|9 19758
|
| 852 |
|
|
|a Ayesha Abed Library
|c General Stacks
|
| 942 |
|
|
|2 ddc
|c BK
|
| 999 |
|
|
|c 37639
|d 37639
|
| 952 |
|
|
|0 0
|1 0
|2 ddc
|4 0
|6 954_920000000000000_QUA
|7 0
|9 59199
|a BRACUL
|b BRACUL
|c BNC
|d 2016-06-29
|g 3000.00
|l 0
|o 954.92 QUA
|p 3010012954
|r 2016-06-29
|t 1
|w 2016-06-29
|y BK
|